000 00316nam a2200133Ia 4500
008 230524s9999 xx 000 0 und d
100 _aPaulo Coelho
_937863
245 4 _aThe Winner Stands Alone
250 _a1
260 _bHarper
500 _aQuantity Number: 1
650 _aMiscellaneous
_91877
942 _cBK
999 _c52330
_d52330